Hammersmith & City Line Stations - Statistics

General Stats
  • This quiz has been taken 378 times
  • The average score is 22 of 29
Answer Stats
Station % Correct
Hammersmith
97%
King's Cross St Pancras
88%
Paddington
84%
Aldgate East
83%
Barbican
83%
Euston Square
83%
Farringdon
83%
Liverpool Street
83%
Great Portland Street
82%
Moorgate
82%
Baker Street
81%
Edgware Road
80%
Shepherd's Bush Market
77%
Wood Lane
77%
Whitechapel
76%
Goldhawk Road
75%
Ladbroke Grove
75%
West Ham
74%
Barking
73%
East Ham
73%
Latimer Road
73%
Mile End
73%
Royal Oak
70%
Westbourne Park
70%
Stepney Green
69%
Bromley-by-Bow
68%
Plaistow
68%
Upton Park
68%
Bow Road
67%
No matching quizzes found
Score Distribution
Percent of People with Each Score
Percentile by Number Answered
Your Score History
You have not taken this quiz